00970cam a22002652a 450000100060000000300080000600500170001400800410003103500510007204000320012304100080015508200200016310000190018324500660020226000410026830000430030949000580035250400290041065000440043965000400048365000620052365000600058570000180064583000410066314121BD-RjUL20211208235556.0860101s1967 enka b 000 0 eng d aOCLC ocm00186418 from D960506Ma(BD-RjUL)14173 aDLCcDLCdUKMdBD-RjULbeng aeng a651.8bMUC 19671 aMumford, Enid.10aThe computer and the clerk /cby Enid Mumford and Olive Banks aLondon :bRoutledge & K. Paul,c1967 axi, 252 p.btables, diagrs.c22 1/2 cm1 aBritish library of business studies. Monograph series aBibliography: p. 245-248 0aBusinessxData processingxCase studies 0aClerkszGreat BritainxCase studies 0aAutomationxEconomic aspectszGreat BritainxCase studies 0aAutomationxSocial aspectszGreat BritainxCase studies1 aBanks, Olive. 0aBritish library of business studies.